The glory field / (Record no. 9443)

MARC details
000 -LEADER
fixed length control field 01001nam a22002777a 4500
001 - CONTROL NUMBER
control field 9443
003 - CONTROL NUMBER IDENTIFIER
control field FISKH
005 - DATE AND TIME OF LATEST TRANSACTION
control field 20260108152158.0
008 - FIXED-LENGTH DATA ELEMENTS--GENERAL INFORMATION
fixed length control field 260108b cb ||||| |||| 00| 0 eng d
020 ## - INTERNATIONAL STANDARD BOOK NUMBER
International Standard Book Number 9780590458986
040 ## - CATALOGING SOURCE
Original cataloging agency FISKH
Language of cataloging eng
Transcribing agency FISKH
Modifying agency FISKH
050 ## - LIBRARY OF CONGRESS CALL NUMBER
Classification number PZ7.M992 G
082 ## - DEWEY DECIMAL CLASSIFICATION NUMBER
Classification number 900
100 ## - MAIN ENTRY--PERSONAL NAME
Personal name Myers , Walter Dean
245 ## - TITLE STATEMENT
Title The glory field /
Statement of responsibility, etc. By Walter Dean Myers
260 ## - PUBLICATION, DISTRIBUTION, ETC.
Place of publication, distribution, etc. New York :
Name of publisher, distributor, etc. Scholastic ,
Date of publication, distribution, etc. 1994 .
300 ## - PHYSICAL DESCRIPTION
Extent 375 pages :
Other physical details illustrations ;
Dimensions 17 cm .
505 ## - FORMATTED CONTENTS NOTE
Formatted contents note S <br/>
520 ## - SUMMARY, ETC.
Summary, etc. Follows a family's two hundred forty-one year history, from the capture of an African boy in the 1750s through the lives of his descendants, as their dreams and circumstances lead them away from and back to the small plot of land in South Carolina that they call the Glory Field.
521 8# - TARGET AUDIENCE NOTE
Target audience note 800 <br/>
Source Lexile <br/>
521 8# - TARGET AUDIENCE NOTE
Target audience note S <br/>
Source Raz-Plus <br/>
650 ## - SUBJECT ADDED ENTRY--TOPICAL TERM
Topical term or geographic name entry element Civil War
Form subdivision Fiction
650 ## - SUBJECT ADDED ENTRY--TOPICAL TERM
Topical term or geographic name entry element Discrimination
Form subdivision Fiction
942 ## - ADDED ENTRY ELEMENTS (KOHA)
Source of classification or shelving scheme Dewey Decimal Classification
Koha item type Books
Suppress in OPAC No
Holdings
Withdrawn status Lost status Source of classification or shelving scheme Damaged status Not for loan Collection Home library Current library Shelving location Date acquired Total Checkouts Full call number Barcode Date last seen Price effective from Koha item type
    Dewey Decimal Classification     Fiction Footprints International School Library Network Toul Tom Poung Campus Footprints International School Library Network Toul Tom Poung Campus TTP Secondary Fiction Bookshelves 01/08/2026   MYE PZ7.M992 G 900 2026-0018 01/08/2026 01/08/2026 Books